| 000 -LEADER |
| fixed length control field |
00410nam a2200145Ia 4500 |
| 003 - CONTROL NUMBER IDENTIFIER |
| control field |
OSt |
| 005 - DATE AND TIME OF LATEST TRANSACTION |
| control field |
20220302182453.0 |
| 008 - FIXED-LENGTH DATA ELEMENTS--GENERAL INFORMATION |
| fixed length control field |
220112s9999||||xx |||||||||||||| ||und|| |
| 020 ## - INTERNATIONAL STANDARD BOOK NUMBER |
| International Standard Book Number |
9780727731609 |
| 100 ## - MAIN ENTRY--PERSONAL NAME |
| Personal name |
Hendy, C. R. (Chris R.) |
| 245 #0 - TITLE STATEMENT |
| Title |
Designers' guide to EN 1993-2 : eurocode 3 : design of steel structures : Part 2. Steel bridges |
| 700 ## - ADDED ENTRY--PERSONAL NAME |
| Personal name |
Murphy, C. J |
| 700 ## - ADDED ENTRY--PERSONAL NAME |
| Personal name |
Hendy, C. R |
| 942 ## - ADDED ENTRY ELEMENTS (KOHA) |
| Source of classification or shelving scheme |
|